Central Library OPAC University of Rajshahi

আমার বঙ্গবন্ধুর গল্প / (Record no. 79280)

MARC details
000 -LEADER
fixed length control field 00779nam a2200217 a 4500
001 - CONTROL NUMBER
control field 79280
003 - CONTROL NUMBER IDENTIFIER
rucl marc code BD-RjUL
005 - DATE AND TIME OF LATEST TRANSACTION
control field 20220202115957.0
008 - FIXED-LENGTH DATA ELEMENTS--GENERAL INFORMATION
fixed length control field 220130r20172011bg ||||| |||| 00| 0 eng d
020 ## - INTERNATIONAL STANDARD BOOK NUMBER
International Standard Book Number 9789844142435
Terms of availability :Tk.75.00
035 ## - SYSTEM CONTROL NUMBER
System control number (BD-RjUL)79280
040 ## - CATALOGING SOURCE
Original cataloging agency BD-RjUL
Language of cataloging eng
Transcribing agency BD-RjUL
041 ## - LANGUAGE CODE
Language code of text/sound track or separate title ben
082 ## - DEWEY DECIMAL CLASSIFICATION NUMBER
Edition number 23
Classification number 891.443
Author mark and year REA 2017
100 ## - MAIN ENTRY--PERSONAL NAME
Personal name রেজা, মাহবুব
9 (RLIN) 991
245 ## - TITLE STATEMENT
Title আমার বঙ্গবন্ধুর গল্প /
Statement of responsibility, etc. মাহবুব রেজা
260 ## - PUBLICATION, DISTRIBUTION, ETC. (IMPRINT)
Place of publication, distribution, etc. ঢাকা :
Name of publisher, distributor, etc. অনিন্দ্য প্রকাশ,
Date of publication, distribution, etc. ২০১১ [মুদ্রণ ২০১৭]
650 ## - SUBJECT ADDED ENTRY--TOPICAL TERM
Topical term or geographic name as entry element বাংলা সাহিত্য
General subdivision গল্প
9 (RLIN) 815
Topical term or geographic name as entry element Bengali Literature
General subdivision Story
9 (RLIN) 816
942 ## - ADDED ENTRY ELEMENTS (KOHA)
Source of classification or shelving scheme Dewey Decimal Classification
Koha item type Books
Holdings
Lost status Source of classification or shelving scheme Damaged status Not for loan Collection code Permanent Location Current Location Shelving location Date acquired Source of acquisition Cost, normal purchase price Total Checkouts Full call number Date last seen Copy number Koha item type
  Dewey Decimal Classification   Not For Loan Non-fiction Central Library, University of Rajshahi Central Library, University of Rajshahi Bangabandhu Corner Section 04/11/2021 Rajshahi, News Home 75.00   B 891.443 REA 2017 30/01/2022 C-1 Books
  Dewey Decimal Classification     Non-fiction Central Library, University of Rajshahi Central Library, University of Rajshahi General Stacks 04/11/2021 Rajshahi, News Home 75.00   B 891.443 REA 2017 02/02/2022 C-2 Books